Visualizzazione normale
Vista MARC
- PUBBLICITA'
di Topical Term
Records bibliografici associati: 10
001 - CONTROL NUMBER
- control field: 49829
003 - CONTROL NUMBER IDENTIFIER
- control field: IT-RoPau
005 - DATE AND TIME OF LATEST TRANSACTION
- control field: 20151202100717.0
008 - FIXED-LENGTH DATA ELEMENTS
- fixed length control field: 151202|| aca||aabn | a|a d
040 ## - CATALOGING SOURCE
- Original cataloging agency: IT-RoPau
- Transcribing agency: IT-RoPau
150 ## - HEADING--TOPICAL TERM
- Topical term or geographic name entry element: PUBBLICITA'
- : TV-PROGRAMMI DI PUBBLICITA' [VHS]
- General subdivision: Codice MATERIA SPICS: 9968
670 ## - SOURCE DATA FOUND
- Source citation: Work cat.: (IT-RoPau)106992: Polanski Roman Codice regista SPICS: 1627 49827, VANITY FAIR COMPRATORE D'ANIME VANITY FAIR COMPRATORE D'ANIME (Rif. Codice opera principale : 89119)